000 00469nam a2200145Ia 4500
008 100415s9999 xx 000 0 und d
082 _b15500
_a584.9(54558)
100 _aVaralkshmi V
245 _aEconomics of Bamboo Basket Making - A Case Study
260 _aNEW DELHI
_c1992
_bHARYANA FOREST DEPARTMENT
365 _b0
630 _aEconomics of Bamboo Basket Making - A Case Study
730 _aEconomics of Bamboo Basket Making - A Case Study
942 _cBOOK
999 _c598398
_d598395